[Event "Warsaw YMCA Spring 152nd"]
[Site "Warsaw"]
[Date "2015.06.17"]
[Round "12"]
[White "Budrewicz, Henryk"]
[Black "Kepa, Wojciech"]
[Result "1-0"]
[WhiteElo "1536"]
[BlackElo "1552"]
[PlyCount "63"]
[EventDate "2015.04.09"]
[EventType "tourn"]
[EventRounds "13"]
[EventCountry "POL"]
[SourceTitle "EXT 2017"]
[Source "ChessBase"]
[SourceDate "2016.10.25"]
[SourceVersion "1"]
[SourceVersionDate "2016.10.25"]
[SourceQuality "1"]

1. d4 Nf6 2. Nf3 g6 3. Bf4 d6 4. e3 Bg7 5. h3 0-0 6. Nbd2 c5 7. c3 cxd4 8. exd4 Re8 9. Be2 b6 10. 0-0 Bb7 11. Re1 Nbd7 12. Bb5 a6 13. Ba4 b5 14. Bb3 Bd5 15. c4 bxc4 16. Nxc4 Nb6 17. Rc1 Nxc4 18. Bxc4 Qb6 19. b3 Bxf3 20. Qxf3 Qxd4 21. Rxe7 Rxe7 22. Qxa8+ Re8 23. Qf3 Re4 24. Be3 Qb2 25. Rd1 Rxc4 26. bxc4 Qxa2 27. Bd4 Ne8 28. Bxg7 Kxg7 29. Qc3+ Kg8 30. Ra1 Qe2 31. Re1 Qxe1+ 32. Qxe1 1-0

[Event "Warsaw YMCA Spring 152nd"]
[Site "Warsaw"]
[Date "2015.06.05"]
[Round "9"]
[White "Kepa, Wojciech"]
[Black "Tarka, Aleksandra"]
[Result "1-0"]
[WhiteElo "1552"]
[BlackElo "1389"]
[PlyCount "119"]
[EventDate "2015.04.09"]
[EventType "tourn"]
[EventRounds "13"]
[EventCountry "POL"]
[SourceTitle "EXT 2017"]
[Source "ChessBase"]
[SourceDate "2016.10.25"]
[SourceVersion "1"]
[SourceVersionDate "2016.10.25"]
[SourceQuality "1"]

1. e4 c5 2. Nf3 d6 3. d4 cxd4 4. Nxd4 Nf6 5. Nc3 g6 6. Be3 Bg7 7. Qd2 Nc6 8. f3 0-0 9. Bc4 Bd7 10. 0-0-0 Rc8 11. Bb3 Nxd4 12. Bxd4 b5 13. e5 dxe5 14. Bxe5 Bc6 15. Qg5 Qa5 16. h4 b4 17. Bxf6 Qxg5+ 18. Bxg5 bxc3 19. bxc3 Bxc3 20. Bxe7 Rfe8 21. Bg5 Re2 22. Rd3 Bb5 23. Rd8+ Rxd8 24. Bxd8 Rxg2 25. a4 Be2 26. f4 Rf2 27. Bc7 Bh5 28. Be5 Bd2+ 29. Kb2 Bxf4 30. Bd4 Rh2 31. Rxh2 Bxh2 32. Bd5 Bb8 33. c4 Bg4 34. c5 Be6 35. Bxe6 fxe6 36. c6 Kf8 37. Bxa7 Bc7 38. Kb3 Ke8 39. Kb4 Kd8 40. a5 Kc8 41. Bb6 Bd6+ 42. Kc4 h6 43. a6 Kb8 44. a7+ Ka8 45. c7 Bxc7 46. Bxc7 Kxa7 47. Bg3 g5 48. h5 Kb7 49. Kc5 Kc8 50. Kd6 Kd8 51. Kxe6 Ke8 52. Kf6 Kf8 53. Kg6 g4 54. Kxh6 Kg8 55. Kg5 Kh7 56. Kxg4 Kh6 57. Be5 Kh7 58. Kg5 Kg8 59. Kg6 Kf8 60. h6 1-0

[Event "Warsaw YMCA Winter-D 137th"]
[Site "Warsaw"]
[Date "2014.03.07"]
[Round "9"]
[White "Kepa, Wojciech"]
[Black "Duda, Ryszard"]
[Result "0-1"]
[WhiteElo "1616"]
[BlackElo "1641"]
[PlyCount "98"]
[EventDate "2014.01.06"]
[EventType "tourn"]
[EventRounds "13"]
[EventCountry "POL"]
[SourceTitle "EXT 2015"]
[Source "ChessBase"]
[SourceDate "2014.11.20"]
[SourceVersion "1"]
[SourceVersionDate "2014.11.20"]
[SourceQuality "1"]

1. Nf3 Nf6 2. g3 d5 3. Bg2 e6 4. 0-0 Be7 5. c4 0-0 6. cxd5 exd5 7. d4 c6 8. Nc3 h6 9. Qc2 Be6 10. Ne5 Qc8 11. Re1 Nbd7 12. Bf4 Nxe5 13. Bxe5 Nd7 14. Bf4 f5 15. Rac1 Nf6 16. Be5 Ne4 17. f3 Nxc3 18. Qxc3 a5 19. Qd3 Qd7 20. e4 fxe4 21. fxe4 Bg5 22. Rc2 Rf7 23. h4 Be7 24. exd5 Bxd5 25. Bxd5 Qxd5 26. Qc4 Qxc4 27. Rxc4 Bf6 28. Bxf6 Rxf6 29. Re7 Rf7 30. Rxf7 Kxf7 31. Kf2 Ke6 32. Ke3 Kd6 33. Rc5 Re8+ 34. Kd3 b6 35. Rf5 Re6 36. g4 Rf6 37. Rxf6+ gxf6 38. Ke4 Ke6 39. a4 b5 40. axb5 cxb5 41. d5+ Kd6 42. Kf5 a4 43. Kxf6 b4 44. g5 hxg5 45. hxg5 a3 46. g6 axb2 47. g7 b1Q 48. g8Q Qf1+ 49. Kg7 Qg1+ 0-1

[Event "Warsaw YMCA Winter-D 137th"]
[Site "Warsaw"]
[Date "2014.01.17"]
[Round "2"]
[White "Kepa, Wojciech"]
[Black "Sanz Wawer, Daniel"]
[Result "0-1"]
[WhiteElo "1616"]
[BlackElo "1641"]
[PlyCount "90"]
[EventDate "2014.01.06"]
[EventType "tourn"]
[EventRounds "13"]
[EventCountry "POL"]
[SourceTitle "EXT 2015"]
[Source "ChessBase"]
[SourceDate "2014.11.20"]
[SourceVersion "1"]
[SourceVersionDate "2014.11.20"]
[SourceQuality "1"]

1. e4 c5 2. Nf3 d6 3. d4 cxd4 4. Nxd4 Nf6 5. Nc3 g6 6. f3 Bg7 7. Be3 0-0 8. Qd2 Nc6 9. h4 d5 10. Nxc6 bxc6 11. Bh6 Bxh6 12. Qxh6 dxe4 13. h5 exf3 14. gxf3 Qd6 15. Bd3 Qg3+ 16. Kd2 Qf2+ 17. Ne2 Rd8 18. hxg6 fxg6 19. Rag1 Bf5 20. Qe3 Qxe3+ 21. Kxe3 Bxd3 22. cxd3 Nd5+ 23. Ke4 Rab8 24. b3 c5 25. Rc1 Rb4+ 26. Rc4 Rd6 27. Ke5 Nf6 28. Rxb4 cxb4 29. d4 Kf7 30. Kf4 h5 31. Rc1 Re6 32. Ng1 Ra6 33. Rc2 Nd5+ 34. Ke4 Nc3+ 35. Kd3 Rxa2 36. Rxa2 Nxa2 37. Kc4 a5 38. Nh3 Nc3 39. d5 Kf6 40. Nf2 Kf5 41. Nd3 h4 42. Kd4 h3 43. Nf2 h2 44. Nh1 Kf4 45. Kc5 Kxf3 0-1

[Event "Warsaw YMCA Autumn-D 128th"]
[Site "Warsaw"]
[Date "2013.11.19"]
[Round "11"]
[White "Kepa, Wojciech"]
[Black "Sylwestrzuk, Mariusz"]
[Result "1/2-1/2"]
[WhiteElo "1636"]
[BlackElo "1591"]
[PlyCount "31"]
[EventDate "2013.09.17"]
[EventType "tourn"]
[EventRounds "11"]
[EventCountry "POL"]
[SourceTitle "EXT 2015"]
[Source "ChessBase"]
[SourceDate "2014.11.20"]
[SourceVersion "1"]
[SourceVersionDate "2014.11.20"]
[SourceQuality "1"]

1. e4 c6 2. d3 d5 3. exd5 cxd5 4. g3 Nf6 5. Bg2 e5 6. Bg5 Be6 7. Nc3 Be7 8. Nge2 Nc6 9. 0-0 0-0 10. f4 Ng4 11. Bxe7 Nxe7 12. Qd2 Qb6+ 13. d4 exd4 14. Qxd4 Qxd4+ 15. Nxd4 Ne3 16. Rfe1 1/2-1/2

[Event "Warsaw YMCA Autumn-D 128th"]
[Site "Warsaw"]
[Date "2013.10.15"]
[Round "5"]
[White "Budrewicz, Henryk"]
[Black "Kepa, Wojciech"]
[Result "0-1"]
[WhiteElo "1575"]
[BlackElo "1636"]
[PlyCount "118"]
[EventDate "2013.09.17"]
[EventType "tourn"]
[EventRounds "11"]
[EventCountry "POL"]
[SourceTitle "EXT 2015"]
[Source "ChessBase"]
[SourceDate "2014.11.20"]
[SourceVersion "1"]
[SourceVersionDate "2014.11.20"]
[SourceQuality "1"]

1. d4 Nf6 2. Nf3 g6 3. e3 Bg7 4. Bd3 b6 5. Qe2 Bb7 6. Nbd2 d6 7. e4 e6 8. c4 c5 9. d5 0-0 10. 0-0 exd5 11. exd5 Re8 12. Qd1 Ba6 13. Qc2 Ng4 14. h3 Ne5 15. Nxe5 dxe5 16. Nf3 f5 17. Nh2 Bc8 18. Bd2 Qc7 19. Rfe1 Nd7 20. f3 Nf6 21. Nf1 Bd7 22. a4 a5 23. Bc3 Nh5 24. Bd2 Qd6 25. Ne3 Nf6 26. Nd1 e4 27. fxe4 fxe4 28. Bf1 Bf5 29. Ne3 Ra7 30. Nxf5 gxf5 31. Bc3 Nh5 32. Bxg7 Rxg7 33. Ra3 Ng3 34. Qf2 f4 35. Rb3 e3 36. Qf3 Ne4 37. Rd3 Nd2 38. Rxd2 Rg3 39. Qh5 Re5 40. Qe2 exd2 41. Qxe5 Qxe5 42. Rxe5 d1Q 43. Re8+ Kf7 44. Re6 Qd4+ 45. Kh1 Qxb2 46. Re2 Qa1 47. Kg1 Qxa4 48. Rf2 Qd7 49. Rxf4+ Kg7 50. Kf2 Rc3 51. Kg1 Rc1 52. Rg4+ Kf6 53. Rf4+ Ke5 54. Rf2 Kd4 55. Rd2+ Kc3 56. Rd3+ Kb4 57. Rd2 Qf5 58. Rf2 Qd3 59. Rf3 Qxc4 0-1

[Event "Warsaw YMCA Autumn-D 128th"]
[Site "Warsaw"]
[Date "2013.09.24"]
[Round "2"]
[White "Kepa, Wojciech"]
[Black "Kalhorn, Marcin"]
[Result "1/2-1/2"]
[WhiteElo "1636"]
[BlackElo "1617"]
[PlyCount "164"]
[EventDate "2013.09.17"]
[EventType "tourn"]
[EventRounds "11"]
[EventCountry "POL"]
[SourceTitle "EXT 2015"]
[Source "ChessBase"]
[SourceDate "2014.11.20"]
[SourceVersion "1"]
[SourceVersionDate "2014.11.20"]
[SourceQuality "1"]

1. e4 g6 2. f4 Bg7 3. Nf3 c5 4. Bc4 Nc6 5. 0-0 e6 6. e5 d5 7. Bb5 Bd7 8. Bxc6 Bxc6 9. d4 c4 10. b4 Bf8 11. c3 a5 12. Bd2 Qb6 13. Qe1 Ba4 14. Na3 axb4 15. cxb4 Bd7 16. Nc2 Bb5 17. Bc3 Ne7 18. Qh4 Nf5 19. Qf2 Ba4 20. Nfe1 h5 21. a3 Be7 22. Kh1 0-0-0 23. Ne3 Rdg8 24. Nf3 Nxe3 25. Qxe3 Qd8 26. Ng5 Qe8 27. h4 b5 28. Ra2 Rf8 29. Raf2 Qd7 30. Qh3 Bb3 31. Bb2 Kb7 32. Qf3 Ba4 33. Qc3 Bb3 34. g3 Ba4 35. Kg2 Bb3 36. Re1 Ba4 37. Rfe2 Bb3 38. Nf3 Ba4 39. Nd2 Rc8 40. Nb1 Rhf8 41. Qe3 Rh8 42. Nc3 Bb3 43. Ra1 Ra8 44. Nb1 Bd1 45. Rf2 Ba4 46. Nd2 Kc7 47. Rc1 Kb7 48. Nf3 Raf8 49. Ng5 Bb3 50. Qe2 Ba4 51. Rf3 Kb8 52. Kh3 Kb7 53. Rfc3 Kb8 54. Rf1 Kb7 55. Kg2 Kb8 56. Rh1 Bd8 57. Kf2 Kb7 58. Rf3 Kb8 59. Bc3 Bb3 60. Re3 Ba4 61. Kg2 Bb3 62. Rf3 Ba4 63. Rff1 Bb3 64. Rh2 Ba4 65. Rfh1 Bb3 66. g4 Ba4 67. Kg3 Bb3 68. Nf3 Ba4 69. Ng5 Bb3 70. Rg1 Ba4 71. Kh3 Bb3 72. gxh5 Rxh5 73. Qg4 Rfh8 74. Kg3 Ba4 75. Rgh1 Bb3 76. Rg1 Ba4 77. Kf2 Bc2 78. Ke3 Ba4 79. Ke2 Bc2 80. Kf2 Ba4 81. Ke3 Bb3 82. Qg3 Ba4 1/2-1/2

[Event "Klementowice Gr-A 1st"]
[Site "Klementowice"]
[Date "2010.08.26"]
[Round "4.4"]
[White "Gula, Andrzej"]
[Black "Kepa, Wojciech"]
[Result "1-0"]
[WhiteElo "1983"]
[BlackElo "1672"]
[PlyCount "77"]
[EventDate "2010.08.23"]
[EventType "swiss"]
[EventRounds "9"]
[EventCountry "POL"]
[SourceTitle "EXT 2023"]
[Source "ChessBase"]
[SourceDate "2022.10.05"]
[SourceVersion "1"]
[SourceVersionDate "2022.10.05"]
[SourceQuality "1"]

1. e4 c5 2. c3 Nc6 3. d4 cxd4 4. cxd4 d5 5. exd5 Qxd5 6. Nf3 Bg4 7. Nc3 Bxf3 8. gxf3 Qxd4 9. Qxd4 Nxd4 10. Nb5 Nc2+ 11. Kd1 Rc8 12. Nxa7 Rc5 13. Bb5+ Rxb5 14. Kxc2 Rc5+ 15. Kb3 e6 16. Be3 Rd5 17. a4 Bc5 18. Nb5 Kd7 19. Bxc5 Rxc5 20. Rac1 Rxb5+ 21. axb5 Ne7 22. Kc4 Rc8+ 23. Kd4 Nf5+ 24. Ke5 f6+ 25. Kf4 Rxc1 26. Rxc1 h5 27. h4 Nxh4 28. b6 g5+ 29. Ke4 Nf5 30. Rc7+ Kd8 31. Rh7 h4 32. Kd3 Kc8 33. Kc4 e5 34. Kd5 Nd4 35. Kd6 Nf5+ 36. Ke6 Nd4+ 37. Ke7 Nc6+ 38. Kd6 Nd8 39. Rh8 1-0

[Event "Klementowice Gr-A 1st"]
[Site "Klementowice"]
[Date "2010.08.24"]
[Round "3.12"]
[White "Kepa, Wojciech"]
[Black "Rembecki, Robert"]
[Result "1-0"]
[WhiteElo "1672"]
[BlackElo "2215"]
[PlyCount "55"]
[EventDate "2010.08.23"]
[EventType "swiss"]
[EventRounds "9"]
[EventCountry "POL"]
[SourceTitle "EXT 2023"]
[Source "ChessBase"]
[SourceDate "2022.10.05"]
[SourceVersion "1"]
[SourceVersionDate "2022.10.05"]
[SourceQuality "1"]

1. e4 c5 2. Nf3 d6 3. d4 cxd4 4. Nxd4 Nf6 5. Nc3 a6 6. Be3 e6 7. Bd3 Nbd7 8. Qd2 Be7 9. 0-0-0 Ng4 10. a3 Nxe3 11. Qxe3 Bg5 12. f4 Bf6 13. Nf3 0-0 14. e5 dxe5 15. fxe5 Be7 16. h4 Qc7 17. h5 h6 18. Kb1 Nc5 19. g4 b5 20. g5 Bb7 21. gxh6 Nxd3 22. hxg7 Rfd8 23. Rxd3 Rxd3 24. Qh6 f6 25. Qg6 Be4 26. Nxe4 Rc8 27. c3 Bxa3 28. Nxf6# 1-0

[Event "Kreznica Jara-ch"]
[Site "Kreznica Jara"]
[Date "2009.02.14"]
[Round "3.11"]
[White "Kepa, Wojciech"]
[Black "Madej, Pawel"]
[Result "0-1"]
[WhiteElo "1646"]
[BlackElo "1682"]
[PlyCount "52"]
[EventDate "2009.02.13"]
[EventType "swiss"]
[EventRounds "5"]
[EventCountry "POL"]
[SourceTitle "EXT 2023"]
[Source "ChessBase"]
[SourceDate "2022.10.05"]
[SourceVersion "1"]
[SourceVersionDate "2022.10.05"]
[SourceQuality "1"]

1. d4 f5 2. Bf4 Nf6 3. Nc3 g6 4. Nf3 Bg7 5. e3 0-0 6. h4 h6 7. Ne5 Kh7 8. Bd3 d6 9. Nf3 c6 10. Qd2 b5 11. b4 Na6 12. a3 Nc7 13. Nh2 Qe8 14. Be2 e5 15. dxe5 dxe5 16. Bg3 f4 17. exf4 exf4 18. Bxf4 Nfd5 19. Nxd5 Nxd5 20. 0-0-0 Nxf4 21. Bf3 Qe5 22. c3 Bf5 23. Kb2 Rad8 24. Qe3 Nd3+ 25. Rxd3 Rxd3 26. Qxe5 Bxe5 0-1

[Event "Kreznica Jara-ch"]
[Site "Kreznica Jara"]
[Date "2009.02.13"]
[Round "1.11"]
[White "Kepa, Wojciech"]
[Black "Cymbala, Ireneusz"]
[Result "0-1"]
[WhiteElo "1647"]
[BlackElo "1900"]
[PlyCount "66"]
[EventDate "2009.02.13"]
[EventType "swiss"]
[EventRounds "5"]
[EventCountry "POL"]
[SourceTitle "EXT 2023"]
[Source "ChessBase"]
[SourceDate "2022.10.05"]
[SourceVersion "1"]
[SourceVersionDate "2022.10.05"]
[SourceQuality "1"]

1. e4 e6 2. d4 d5 3. exd5 exd5 4. c4 Nf6 5. Be3 Be7 6. Nc3 0-0 7. Qc2 Nc6 8. Nf3 Bg4 9. 0-0-0 Bh5 10. cxd5 Nb4 11. Qb3 Nbxd5 12. Be2 Nxc3 13. bxc3 a5 14. a4 c6 15. Rhe1 Qc7 16. Ne5 Bxe2 17. Rxe2 Nd5 18. Rb2 b5 19. Kc2 b4 20. c4 Nc3 21. Re1 Bd6 22. Bd2 Rfe8 23. Bxc3 bxc3 24. Qxc3 Bb4 25. Rxb4 axb4 26. Qa1 b3+ 27. Kxb3 Reb8+ 28. Kc2 Rb4 29. Rb1 Rbxa4 30. Qc3 f6 31. Nf3 Qf7 32. Kb3 Ra3+ 33. Kc2 Qg6+ 0-1

[Event "Dabrowica Jastkow Memorial op"]
[Site "Dabrowica"]
[Date "2009.01.04"]
[Round "5.6"]
[White "Kepa, Wojciech"]
[Black "Ciechonski, Piotr"]
[Result "0-1"]
[WhiteElo "1647"]
[BlackElo "2122"]
[PlyCount "97"]
[EventDate "2009.01.02"]
[EventType "swiss"]
[EventRounds "5"]
[EventCountry "POL"]
[SourceTitle "EXT 2023"]
[Source "ChessBase"]
[SourceDate "2022.10.05"]
[SourceVersion "1"]
[SourceVersionDate "2022.10.05"]
[SourceQuality "1"]

1. e4 c5 2. Nf3 d6 3. d4 cxd4 4. Nxd4 Nf6 5. Nc3 g6 6. Bc4 Bg7 7. Be3 0-0 8. Qd2 Nxe4 9. Bxf7+ Rxf7 10. Nxe4 Nc6 11. 0-0-0 Ne5 12. Ng5 Rf6 13. Ne4 Nc4 14. Nxf6+ Bxf6 15. Qb4 Nxe3 16. Qb3+ Kh8 17. fxe3 a5 18. a4 Bd7 19. e4 Qe8 20. Nb5 Qc8 21. Rhe1 Be6 22. Qe3 Ra6 23. b3 Kg7 24. h3 h6 25. Kb1 Bf7 26. Rd3 Qe6 27. Rd5 Qd7 28. e5 Bxd5 29. exf6+ exf6 30. g4 Rc6 31. Rd1 Bf7 32. Qd4 d5 33. Nc3 Qc7 34. Nxd5 Bxd5 35. Qxd5 b6 36. Qd7+ Qxd7 37. Rxd7+ Kf8 38. Kb2 f5 39. Rh7 f4 40. Kc1 g5 41. Rd7 Re6 42. Rd3 Re2 43. Rd2 Re1+ 44. Rd1 Re3 45. Rd3 Rg3 46. Kd2 f3 47. h4 gxh4 48. Ke1 Ke7 49. Kf1 0-1

[Event "Chojnice op-B 4th"]
[Site "Chojnice"]
[Date "2008.07.16"]
[Round "7"]
[White "Kepa, Wojciech"]
[Black "Ginter, Pawel"]
[Result "1-0"]
[WhiteElo "1652"]
[BlackElo "1916"]
[PlyCount "106"]
[EventDate "2008.07.12"]
[EventType "swiss"]
[EventRounds "9"]
[EventCountry "POL"]
[SourceTitle "EXT 2018"]
[Source "ChessBase"]
[SourceDate "2017.10.13"]
[SourceVersion "1"]
[SourceVersionDate "2017.10.13"]
[SourceQuality "1"]

1. e4 e6 2. d4 d5 3. e5 c5 4. Nf3 Nc6 5. Be3 Qb6 6. b3 cxd4 7. Bxd4 Nxd4 8. Nxd4 Bc5 9. c3 Ne7 10. Qd2 Bd7 11. Be2 Bxd4 12. cxd4 Nf5 13. 0-0 Qxd4 14. Qxd4 Nxd4 15. Bd3 Rc8 16. Na3 a6 17. Rac1 0-0 18. Rfd1 Rxc1 19. Rxc1 Rc8 20. Rxc8+ Bxc8 21. f4 Bd7 22. b4 h6 23. Nc2 Nc6 24. Kf2 f6 25. exf6 gxf6 26. a3 e5 27. g3 e4 28. Be2 d4 29. Bc4+ Kg7 30. Bd5 d3 31. Ne3 f5 32. Bxc6 bxc6 33. Nc4 Kf6 34. Ke3 Ke6 35. Ne5 Be8 36. Nc4 c5 37. bxc5 Kd5 38. Nd6 Bg6 39. g4 Kxc5 40. gxf5 Bh7 41. Nxe4+ Kc4 42. Kd2 Kb3 43. f6 Bg8 44. Nc5+ Kxa3 45. Nxa6 Ka4 46. Nc5+ Kb5 47. Nxd3 Kc6 48. Ne5+ Kd5 49. f7 Bxf7 50. Nxf7 h5 51. Ke3 Ke6 52. Ne5 Kf5 53. h3 h4 1-0

[Event "Chojnice op-B 4th"]
[Site "Chojnice"]
[Date "2008.07.12"]
[Round "1"]
[White "Wruck, Wieslaw"]
[Black "Kepa, Wojciech"]
[Result "1-0"]
[WhiteElo "1919"]
[BlackElo "1652"]
[PlyCount "38"]
[EventDate "2008.07.12"]
[EventType "swiss"]
[EventRounds "9"]
[EventCountry "POL"]
[SourceTitle "EXT 2018"]
[Source "ChessBase"]
[SourceDate "2017.10.13"]
[SourceVersion "1"]
[SourceVersionDate "2017.10.13"]
[SourceQuality "1"]

1. Nf3 Nf6 2. g3 d5 3. Bg2 Bf5 4. 0-0 e6 5. d4 c5 6. c4 cxd4 7. Nxd4 Be4 8. Nc3 Bxg2 9. Kxg2 Be7 10. Qb3 Qd7 11. cxd5 Nxd5 12. Nxd5 Qxd5+ 13. Qxd5 exd5 14. Rd1 Nc6 15. Be3 0-0 16. Nb5 Bf6 17. Rab1 Rad8 18. Bc5 Rfe8 19. Kf1 Rd7 1-0

[Event "Lublin Region-ch"]
[Site "Lublin"]
[Date "2008.02.10"]
[Round "5.16"]
[White "Major, Katarzyna"]
[Black "Kepa, Wojciech"]
[Result "1/2-1/2"]
[WhiteElo "1783"]
[BlackElo "1647"]
[PlyCount "40"]
[EventDate "2008.02.08"]
[EventType "swiss"]
[EventRounds "9"]
[EventCountry "POL"]
[SourceTitle "EXT 2023"]
[Source "ChessBase"]
[SourceDate "2022.10.05"]
[SourceVersion "1"]
[SourceVersionDate "2022.10.05"]
[SourceQuality "1"]

1. d4 Nf6 2. Bg5 d5 3. Bxf6 gxf6 4. c4 Nc6 5. Nf3 Bg4 6. e3 e6 7. Nc3 dxc4 8. Bxc4 a6 9. Qc2 Bxf3 10. gxf3 Qd7 11. 0-0-0 0-0-0 12. Kb1 Na5 13. Bd3 f5 14. Rc1 Nc6 15. Qa4 Nb4 16. Bb5 Qd6 17. Be2 Nd5 18. Nxd5 Qxd5 19. Rc2 Bd6 20. Rhc1 Rhg8 1/2-1/2

[Event "Lublin Region-ch"]
[Site "Lublin"]
[Date "2008.02.09"]
[Round "4.12"]
[White "Kepa, Wojciech"]
[Black "Bien, Janusz"]
[Result "0-1"]
[WhiteElo "1647"]
[BlackElo "1999"]
[PlyCount "56"]
[EventDate "2008.02.08"]
[EventType "swiss"]
[EventRounds "9"]
[EventCountry "POL"]
[SourceTitle "EXT 2023"]
[Source "ChessBase"]
[SourceDate "2022.10.05"]
[SourceVersion "1"]
[SourceVersionDate "2022.10.05"]
[SourceQuality "1"]

1. e4 e6 2. d4 d5 3. e5 c5 4. c3 Nc6 5. f4 Qb6 6. Nf3 Bd7 7. Na3 cxd4 8. cxd4 Bb4+ 9. Kf2 Bxa3 10. bxa3 Nge7 11. Qb3 Qc7 12. Be3 Nf5 13. Rc1 a6 14. Bd3 Nxe3 15. Kxe3 Rb8 16. g4 b5 17. h4 Qb6 18. Rb1 0-0 19. h5 f6 20. h6 g6 21. Bxg6 hxg6 22. Qd3 Be8 23. Nh4 fxe5 24. h7+ Kg7 25. fxe5 Nxe5 26. Qc2 Nxg4+ 27. Kd3 b4 28. axb4 Bb5+ 0-1